000 00537nam a2200205Ia 4500
005 20260429112134.0
008 260429s9999||||xx |||||||||||||| ||und||
020 _a9788197017988
041 _aEnglish
082 _a338.4791
_bSHE
100 _aSheng, Xu
245 0 _aTourism policy and planning development /
_cXu Sheng
250 _a1st ed.
260 _aNew Delhi :
_bAsia Publishers and Distributors,
_c2024.
300 _ax, 240 p.; hb
650 _a Development
650 _a Policy
650 _aTourism
942 _cTB
999 _c52545
_d52545